Teze k filosofii výchovy, aneb, Blouděním k radosti /

Hlavní autor: Prokešová, Miriam, 1960-
Korporativní autor: Ostravská univerzita. Pedagogická fakulta
Jazyk: Čeština
Vydáno: Ostrava : Repronis, 2002
Vydání: Vyd. 1.
Témata:
Fyzický popis: 96 s. ; 21 cm
Knihy
Uloženo v:
LEADER 01209nam a2200349 a 4500
001 001155344
003 CZ BrMZK
005 20110711142813.0
007 ta
008 110624s2002 xr e 000 0 cze
015 |a cnb001198077 
020 |a 80-7042-250-5  |q (brož.) 
035 |a (OCoLC)746835452 
040 |a BOA001  |b cze 
072 7 |a 37  |x Výchova a vzdělávání  |2 Konspekt  |9 22 
080 |a 37.013.73  |2 MRF 
080 |a (048.8)  |2 MRF 
100 1 |a Prokešová, Miriam,  |d 1960-  |7 jn19990209692  |4 aut 
245 1 0 |a Teze k filosofii výchovy, aneb, Blouděním k radosti /  |c Miriam Prokešová 
246 3 0 |a Blouděním k radosti 
250 |a Vyd. 1. 
260 |a Ostrava :  |b Repronis,  |c 2002 
300 |a 96 s. ;  |c 21 cm 
500 |a Nad názvem: Ostravská univerzita, Pedagogická fakulta 
504 |a Obsahuje bibliografii a bibliografické odkazy 
650 0 7 |a filozofie výchovy  |7 ph120230  |2 czenas 
655 7 |a studie  |7 fd133597  |2 czenas 
710 2 |a Ostravská univerzita.  |b Pedagogická fakulta  |7 kn20010709315 
910 2 |a BOA001  |b 2-1267.954 
990 |a BK 
991 |b 201107  |e n 
996 6 |b 2610483223  |c 2-1267.954  |l MZK  |r Sklad / do 1 hodiny  |n 0  |p p.v.  |w 001189257  |u 000010  |a 1  |e BOA001  |j MZK50  |s P